Prenoms féminins populaires en 2020 - Statistiques

Statistiques générales
  • Ce quiz a été pris 275 fois
  • Le résultat moyen est 39 sur 100
Statistiques - réponses
Hint Réponse % Correct
L Léa
88%
L Lou
88%
E Emma
80%
A Anna
77%
Z Zoé
77%
L Louise
76%
M Marie
76%
J Jade
74%
C Chloé
72%
J Juliette
69%
C Clara
67%
L Lola
67%
M Manon
67%
J Julia
65%
C Camille
63%
L Léana
63%
J Jeanne
62%
I Inès
61%
A Alice
58%
R Romane
58%
L Léna
57%
R Rose
57%
L Lisa
55%
S Sarah
55%
L Lina
54%
L Lucie
52%
C Charlotte
51%
E Eva
50%
L Lilou
50%
A Ambre
46%
E Elise
46%
N Nina
46%
V Valentine
46%
N Noémie
44%
A Anaïs
43%
C Clémence
42%
L Lila
42%
A Alicia
41%
I Iris
41%
L Lily
41%
L Lise
41%
M Mathilde
41%
M Mia
41%
V Victoire
41%
L Louna
40%
M Maria
40%
T Théa
40%
V Victoria
40%
A Agathe
38%
G Gabrielle
38%
L Lana
38%
O Olivia
38%
L Luna
36%
M Mila
36%
R Romy
34%
A Alba
33%
E Elena
33%
E Emmy
33%
M Maëlys
33%
M Margaux
33%
M Margot
33%
L Léonie
32%
M Maëlle
30%
S Sofia
30%
Y Yasmine
30%
C Charlie
29%
E Emy
29%
H Héloïse
29%
A Adèle
28%
Z Zélie
28%
C Célia
26%
M Maya
25%
A Alix
24%
E Elsa
24%
T Thaïs
24%
A Amélia
22%
A Ava
22%
A Alma
21%
C Capucine
21%
L Lya
21%
M Mya
21%
E Ella
20%
S Salomé
20%
G Giulia
18%
I Inaya
17%
N Nora
17%
R Roxane
17%
A Aya
16%
N Nour
16%
C Constance
15%
L Livia
13%
A Albane
12%
C Céleste
12%
J Joy
12%
L Lyna
12%
L Lyana
11%
S Soline
11%
A Alya
10%
A Apolline
10%
A Assia
9%
Aucun quiz correspondant
Distribution des résultats
% des personnes avec chaque résultat
Percentile par nombre de réponses
Votre historique - résultats
Vous n’avez pas pris ce quiz